00728nam a22002057a 450000500170000001000150001702000260003203500140005803700090007208200060008110000390008724500930012625000060021926000500022527000620027530000210033794200200035899900190037895201250039720250812111048.0 aENG-146470 a9788119524365c399.00 aEN-130003 bDBAD aN aOgoe, Godfred Nana Kruentsi984071 aSave our Faces:bA story based on conscience and Principles/cGodfred Nana Kruentsi Ogoe a1 aKolkata bEXCELLER BOOKS A GLOBAL PRESSc2024 aG1 Dream Apartment Degree College RoadbBelghariae700056 a209p. c22cm(pb) 2ddccENhNmOgo c213008d213008 001040708FICaBL1bBL1d2025-08-12eDBADg399.00l0oN OgopEN-130003r2025-08-12 00:00:00t1v399.00w2025-08-12yEN